|
|
|
|
| LEADER |
00000nam0a2200000 4500 |
| 001 |
277013 |
| 005 |
20231101234957.0 |
| 035 |
|
|
|a (RuTPU)RU\TPU\book\300286
|
| 090 |
|
|
|a 277013
|
| 100 |
|
|
|a 20141127d1985 m y0rusy50 ca
|
| 101 |
0 |
|
|a rus
|
| 102 |
|
|
|a RU
|
| 105 |
|
|
|a a z 001zy
|
| 200 |
1 |
|
|a Настольная книга любителя природы
|f В. Браун
|
| 210 |
|
|
|a Ленинград
|c Гидрометеоиздат
|d 1985
|
| 215 |
|
|
|a 280 с.
|c ил.
|
| 320 |
|
|
|a Библиогр.: с. 270-277
|
| 606 |
1 |
|
|a Природа в целом
|2 stltpush
|3 (RuTPU)RU\TPU\subj\65675
|9 82141
|
| 610 |
1 |
|
|a живая природа
|
| 610 |
1 |
|
|a ботаника
|
| 610 |
1 |
|
|a зоология
|
| 610 |
1 |
|
|a минералогия
|
| 610 |
1 |
|
|a этология
|
| 610 |
1 |
|
|a наблюдения
|
| 610 |
1 |
|
|a флора
|
| 610 |
1 |
|
|a фауна
|
| 610 |
1 |
|
|a окружающая среда
|
| 610 |
1 |
|
|a охрана
|
| 675 |
|
|
|a 502
|v 3
|
| 700 |
|
1 |
|a Браун
|b В.
|g Винсон
|
| 801 |
|
1 |
|a RU
|b 63413507
|c 20141127
|
| 801 |
|
2 |
|a RU
|b 63413507
|c 20170403
|g RCR
|
| 942 |
|
|
|c BK
|